Dubnickí remeselníci, obchodníci a osoby dobrých služieb (prvá polovica dvadsiateho storočia)

Podrobná bibliografia
Hlavný autor: Koštial Dubnický, Vladimír, 1930- (Autor)
Médium: Kniha
Jazyk:slovenčina
Fyzický popis:152 s. erby, faks., fotogr. 21 cm
Vydavateľské údaje: Dubnica nad Váhom Mestský úrad 2007
Vydanie:1. vyd.
Predmet:

MARC

LEADER 00000cam a2200000 a 4500
001 vtls010191584
003 SK-MaSNL
005 20260301213158.0
008 240318s2007 xo ho g 000 0 slo
020 |q (brožované) 
035 |a 5973CB17-EF8E-4E86-8E60-C38C559DDD81 
035 |a urn:nbn:sk:snk-amloui 
035 |a urn:nbn:sk:snk-am00bxnu 
040 |a SNK  |b slo  |c SNK  |e AACR2 
041 0 |a slo 
043 |a e-xo--- 
044 |a xo  |c SK 
072 7 |a 67/68  |x Remeslá. Rôzne odvetvia priemyslu  |2 konspekt 
072 7 |a 339  |x Obchod  |2 konspekt 
080 |a 67/68(091)  |2 2001 
080 |a 339(091)  |2 2011 
080 |a 338.46(091)  |2 2011 
080 |a 94(437.613.214)  |2 2001 
080 |a (036)  |2 2011 
100 1 |a Koštial Dubnický, Vladimír,  |d 1930-  |4 aut  |9 151251 
245 1 0 |a Dubnickí remeselníci, obchodníci a osoby dobrých služieb  |b (prvá polovica dvadsiateho storočia)  |c Vlado Koštial Dubnický 
250 |a 1. vyd. 
260 |a Dubnica nad Váhom  |b Mestský úrad  |c 2007 
300 |a 152 s.  |b erby, faks., fotogr.  |c 21 cm 
366 |e 1000 výt. 
650 0 7 |a dejiny remesiel  |2 SNKPH  |9 30959 
650 0 7 |a dejiny obchodu  |2 SNKPH  |9 91023 
650 0 7 |a služby  |2 SNKPH  |9 2356 
650 0 7 |a History of handicrafts  |2 SNKPHeng  |9 364191 
650 0 7 |a History of comerce  |2 SNKPHeng  |9 330444 
650 0 7 |a Services industries  |2 SNKPHeng  |9 266547 
650 0 7 |a dejiny miest  |2 SNKPH  |9 164833 
650 0 7 |a History  |2 SNKPHeng  |9 265139 
651 7 |a Dubnica nad Váhom (Slovensko)  |2 SNK  |9 58303 
651 7 |a Dubnica nad Váhom (Slovakia)  |2 SNK  |9 276054 
655 7 |a informačné publikácie  |2 SNKPH  |9 70181 
655 7 |a Information publications  |2 SNKPHeng  |9 265188 
999 |c 920732  |d 922662 
952 |a SNK  |b SNK  |y PREZ  |7 0  |p 17A1195214  |o snkSC 169745  |i snk2016/12044  |8 0  |0 0  |1 0  |4 0  |d 2016-05-10  |f 1  |l 0  |r 2026-02-24 08:14:20  |w 2026-02-24 
952 |a SNK  |b SNK  |y VYP  |7 0  |p 17A1195215  |o snkSC 169745 D1  |i snk2016/12045  |8 0  |0 0  |1 0  |4 0  |d 2016-05-10  |l 0  |r 2026-02-24 08:14:21  |w 2026-02-24